| 000 | 03713namaa22004211i 4500 | ||
|---|---|---|---|
| 003 | OSt | ||
| 005 | 20260421110552.0 | ||
| 008 | 250827s2025 ua a|||frm||| 000 0 eng d | ||
| 040 |
_aEG-GICUC _bara _cEG-GICUC _dEG-GICUC _erda |
||
| 041 | 0 |
_aara _bara _beng |
|
| 049 | _aإيداع | ||
| 082 | 0 | 4 | _a320.9612 |
| 092 |
_a320.9612 _221 |
||
| 097 | _aمــــاجستير | ||
| 099 | _aCai01.03.04.M.Sc.2025.فؤ.أ | ||
| 100 | 0 |
_a،فؤاد جلال محمد أبو السيد _eإعداد. |
|
| 245 | 1 | 0 |
_aأثر العامل القبلي على الاستقرار السياسي : _bدراسة حالة ليبيا 2011 - 2022 / _cإعداد فؤاد جلال محمد أبو السيد؛ إشراف أ.د. ناهد عز الدين، د. مروة صبحي منتصر. |
| 246 | 1 | 5 |
_aThe impact of the tribal factor on political stability : _bLibya case study 2011-2022 / |
| 264 | 0 | _c2025. | |
| 300 |
_a196 صفحة : _bإيضاحيات ؛ _c25 سم. + _eCD. |
||
| 336 |
_atext _2rda content |
||
| 337 |
_aUnmediated _2rdamedia |
||
| 338 |
_avolume _2rdacarrier |
||
| 502 | _aأطروحة (ماجستير)-جامعة القاهرة، 2025. | ||
| 504 | _aببليوجرافيا: صفحات 178-196. | ||
| 520 | _a ناقشت الرسالة أثر العامل القبلي على الاستقرار السياسي في ليبيا خلال الفترة من 2011 إلى 2022، وذلك انطلاقًا من خصوصية الحالة الليبية والتطورات الأمنية والسياسية المتلاحقة التي شهدتها خلال تلك الفترة، وفي هذا الإطار تقوم الدراسة بتقديم إطار مفاهيمي ونظري للقبيلة والاستقرار السياسي والعلاقة بينهما من أجل محاولة تطبيق ذلك على الحالة الليبية وصولًا إلى توضيح مفصل لتأثير القبيلة على الاستقرار السياسي في ليبيا مع تحديد أبرز المحاولات أو الجهود التي يمكن من خلالها تحقيق الاستقرار السياسي في ليبيا. | ||
| 520 | _aThe thesis discussed the impact of the tribal factor on political stability in Libya during the period from 2011 to 2022, based on the specificity of the Libyan situation and the successive security and political developments it witnessed during that period. In this context, the study provides a conceptual and theoretical framework for the tribe and political stability and the relationship between them Then it applies this to the Libyan case in order to reach a detailed explanation of the impact of the tribe on political stability in Libya, while identifying the most prominent attempts or efforts through which political stability can be achieved in Libya. | ||
| 530 | _aصدر أيضًا كقرص مدمج. | ||
| 546 | _aالنص بالعربية والملخص باللغة الإنجليزية والعربية. | ||
| 650 | 7 |
_aالاحوال السياسية _zليبيا _2qrmak |
|
| 653 | 0 |
_aالقبيلة _aالاستقرار السياسي _aالمرحلة الانتقالية |
|
| 700 | 0 |
_aناهد عز الدين _eمشرف أطروحة. |
|
| 700 | 0 |
_aمروة صبحي منتصر _eمشرف أطروحة. |
|
| 900 |
_b13-02-2025 _cناهد عز الدين _cمروة صبحي منتصر _dمصطفى كامل السيد _dحسن أبو طالب _Uجامعة القاهرة _Fكلية الاقتصاد والعلوم السياسية _Dقسم علوم سياسية |
||
| 905 | _aSara | ||
| 942 |
_2ddc _cTH _e21 _n0 |
||
| 999 | _c179644 | ||